|
|
|
|
| LEADER |
00000nam a2200000 i 4500 |
| 001 |
DIGUNIMAG0017 |
| 003 |
NyNyDIG |
| 006 |
m o d |
| 008 |
200601s2018 ck ob 001 0 spa d |
| 007 |
cr ||||||||||| |
| 035 |
|
|
|a (OCoLC)1157001291
|
| 040 |
|
|
|a DGITA
|b eng
|e rda
|e pn
|c DGITA
|
| 020 |
|
|
|a 9789587461350
|q eBook
|q pdf
|
| 020 |
|
|
|a 9587461355
|q eBook
|q pdf
|
| 020 |
|
|
|a 9789587461367
|q eBook
|q ePub
|
| 020 |
|
|
|a 9587461363
|q eBook
|q ePub
|
| 020 |
|
|
|z 9789587461343
|
| 020 |
|
|
|z 9587461347
|
| 050 |
1 |
4 |
|a HC79.E5 ebook
|
| 082 |
0 |
4 |
|a 338.927
|
| 100 |
1 |
|
|a Martínez Dueñas, William Andrés,
|e author.
|
| 245 |
1 |
0 |
|a Postsostenibilidad :
|b notas antropológicas para imaginar otros futuros comunes /
|c William Andrés Martínez Dueñas, Astrid Lorena Perafán Ledezma.
|
| 246 |
3 |
0 |
|a Sostenibilidad :
|b notas antropológicas para imaginar otros futuros comunes
|
| 250 |
|
|
|a Primera edición.
|
| 264 |
|
1 |
|a Santa Marta D.T.C.H., Colombia :
|b Editorial Unimagdalena,
|c [2018]
|
| 300 |
|
|
|a 1 online resource.
|
| 336 |
|
|
|a text
|b txt
|2 rdacontent
|
| 337 |
|
|
|a computer
|b c
|2 rdamedia
|
| 338 |
|
|
|a online resource
|b cr
|2 rdacarrier
|
| 347 |
|
|
|a text file
|2 rdaft
|
| 347 |
|
|
|b PDF
|
| 347 |
|
|
|b EPUB
|
| 504 |
|
|
|a Includes bibliographical references and index.
|
| 588 |
0 |
|
|a Online resource; title from PDF title page (Digitalia, viewed June 15, 2020)
|
| 650 |
|
0 |
|a Sustainability.
|
| 650 |
|
0 |
|a Sustainable development.
|
| 650 |
|
0 |
|a Anthropology
|x Environmental aspects.
|
| 655 |
|
0 |
|a Electronic books.
|
| 700 |
1 |
|
|a Perafán Ledezma, Astrid Lorena,
|e author.
|
| 791 |
2 |
|
|a Digitalia (Firm),
|e distributor.
|
| 793 |
0 |
|
|g Digitalia eBook Collection:
|a Ediciones Unimagdalena
|
| 776 |
0 |
8 |
|i Print version:
|a Martínez Dueñas, William Andrés.
|t Postsostenibilidad.
|d Santa Marta D.T.C.H., Colombia : Editorial Unimagdalena, ©2018
|z 9789587461343
|
| 856 |
4 |
0 |
|3 Digitalia Hispánica
|u https://www.digitaliapublishing.com/a/56216/
|
| 910 |
|
|
|a Premium collection: 2020
|